000 00271nam a2200097Ia 4500
001 723681
005 20250826163336.0
008 250824s9999 xx 000 0 und d
245 0 _aİNSANLAR İKİYE AYRILIR BEN VE DİĞERLERİ
_cSEDA ŞENER
260 _bCARPE DİEM YAYINLARI
999 _c723681
_d723681